000 00508nam a2200169Ia 4500
003 OSt
005 20200724104109.0
008 190216s9999||||xx |||||||||||||| ||und||
040 _coclc
082 _a515
_bPIL/R
100 _aPillay, Janardhanan
_9533
245 0 _aReal Analysis /
_cC P Janardhanan Pillay ; V G Vijayalakshmy
260 _bCalicut University Central Co-Operative,
_c2006.
300 _a352p
650 _aMathe Matics
942 _cBK
_2ddc
_h515
_iPIL/R
_k515
_mPIL/R
999 _c32554
_d32554